Úspešnosť regionálnych partnerstiev v cestovnom ruchu

Súbor relevantných ekonomických a mimoekonomických ukazovateľov ako komplexná problematika úspešnosti regionálnych partnerstiev. Hodnotenie úspešnosti partnerstiev a kritériá na základe ktorých partnerstvo hodnotiť. Inovačná aktivita ako jedna z kritérií.

Na minha lista:
Detalhes bibliográficos
Autor principal: Michálková, Anna, 1968-
Formato: Capítulo de Livro
Idioma:eslovaco
Assuntos:
Tags: Adicionar Tag
Sem tags, seja o primeiro a adicionar uma tag!

MARC

LEADER 00000naa$a2200000$$$4500
001 0114093
005 20240613101454.2
041 0 |a slo 
044 |a SK 
245 1 0 |a Úspešnosť regionálnych partnerstiev v cestovnom ruchu  |c Anna Michálková 
520 |a Súbor relevantných ekonomických a mimoekonomických ukazovateľov ako komplexná problematika úspešnosti regionálnych partnerstiev. Hodnotenie úspešnosti partnerstiev a kritériá na základe ktorých partnerstvo hodnotiť. Inovačná aktivita ako jedna z kritérií. 
610 2 0 |a ruch cestovný 
610 2 0 |a partnerstvo strategické 
610 2 0 |a politika ruchu cestovného 
610 2 0 |a stratégia inovačná 
610 2 0 |a konkurencieschopnosť 
610 2 0 |a efektívnosť 
100 1 |a Michálková, Anna, 1968-